La escuela, una utopía cotidiana

Guardat en:
Dades bibliogràfiques
Autor principal: Solves, Hebe (Autor)
Format: Llibre
Idioma:espanyol
Publicat: Buenos Aires Paidós 1994
Edició:2a. ed
Col·lecció:Paidós Cuestiones de Educación
Matèries:
Etiquetes: Afegir etiqueta
Sense etiquetes, Sigues el primer a etiquetar aquest registre!

MARC

LEADER 00000nam a2200000 a 4500
001 UCL8670
003 CL-VaPUC
008 040702e19940000AG |||||||||||||||||spa|d
020 |a 9501261026 
082 0 4 |a 370.11  |b SOL  |2 21 
100 0 |a Solves, Hebe  |e author  |9 486632 
245 1 3 |a La escuela, una utopía cotidiana 
250 |a 2a. ed 
300 |a 179 p 
942 |c BK 
945 |d 20040702 00:00:00  |a cmena 
260 |a Buenos Aires  |b Paidós  |c 1994 
650 0 |a Filosofía de la educación   |9 258384 
650 0 |a Educación popular  |9 308964 
650 0 |a Innovaciones pedagógicas  |9 307471 
650 0 |a Formación profesional de profesores  |9 307493 
583 |a last modification  |c 20040702 00:00:00  |k Rodrigo Vera 
490 0 |a Paidós Cuestiones de Educación 
999 |c 309866  |d 309864 
952 |0 0  |1 0  |4 0  |6 370_110000000000000_SOL_1994  |7 0  |8 A  |9 377665  |a BIBEDU  |b BIBEDU  |d 2019-11-21  |i 4033124  |o 370.11 SOL 1994  |p 4033124  |r 2019-11-21  |w 2019-11-21  |y BK  |k EBA